00280nam a2200121Ia 45000030006000000080041000060400015000471000019000622450039000812600009001205460012001290050017001410STCL150530s9999 xx 000 0 und d aSTCLcSTCL aWinternitz, M. aSome problems of Indian literature c1978 aEnglish20220125170645.0